Manual de fisiología del ejercicio

Gardado en:
Detalles Bibliográficos
Main Authors: Astrand, Per-Olof (Author), Rodahl, Kaare (Author), Dahl, Hans A (Author), Stromme, Sigmund B (Author)
Formato: Libro
Idioma:Lingua castelá
Publicado: Barcelona Paidotribo 2010
Edición:1a. ed
Subjects:
Tags: Engadir etiqueta
Sen Etiquetas, Sexa o primeiro en etiquetar este rexistro!

MARC

LEADER 00000nam a2200000 a 4500
001 UCG4569
003 CL-VaPUC
008 101111e20100000SP |||||||||||||||||spa|d
020 |a 9788499100128 
082 0 4 |a 613.7  |b AST  |2 21 
100 |a Astrand, Per-Olof  |e author  |9 311753 
700 0 |a Rodahl, Kaare  |e author  |9 553921 
700 0 |a Dahl, Hans A  |e author  |9 553922 
700 0 |a Stromme, Sigmund B  |e author  |9 553923 
245 1 0 |a Manual de fisiología del ejercicio 
250 |a 1a. ed 
300 |a 755 p 
942 |c BK 
945 |d 20101111 00:00:00  |a mfarfan 
260 |a Barcelona  |b Paidotribo  |c 2010 
650 0 |a Fisiología del ejercicio  |9 536563 
650 0 |a Ejercicio físico  |9 312599 
650 0 |a Actividad física  |9 362156 
650 7 |a ENTRENAMIENTO FISICO  |2 CL-VaPUC  |9 307393 
583 |a last modification  |c 20101111 00:00:00  |k Rodrigo Vera 
999 |c 343267  |d 343265 
952 |0 0  |1 0  |4 0  |6 613_700000000000000_AST_2010  |7 0  |8 A  |9 440439  |a BIBEDU  |b BIBEDU  |d 2019-11-22  |i 4732723  |l 1  |o 613.7 AST 2010  |p 4732723  |r 2025-03-17  |s 2025-03-11  |w 2019-11-22  |y BK  |k EFI 
952 |0 0  |1 0  |4 0  |6 613_700000000000000_AST_2010  |7 0  |8 A  |9 440440  |a BIBEDU  |b BIBEDU  |d 2019-11-22  |i 4764641  |l 3  |m 1  |o 613.7 AST 2010  |p 4764641  |r 2025-03-18  |s 2025-03-11  |w 2019-11-22  |y BK  |k EFI